Statistiques concernant En deux lettres les pays Arabes

Cliquez ici pour prendre le quiz!

Statistiques générales

  • Ce quiz a été pris 638 fois
  • Le résultat moyen est 12 sur 15

Statistiques - réponses

SuperficieRéponse% Correct
2,15 millions km²Arabie Saoudite
94%
2,382 millions km²Algérie
93%
446 550 km²Maroc
92%
163 610 km²Tunisie
91%
10 452 km²Liban
88%
1,76 million km²Libye
88%
1,01 million km²Egypte
84%
437 072 km²Iraq
80%
11 571 km²Qatar
72%
185 180 km²Syrie
71%
309 501 km²Oman
69%
89 342 km²Jordanie
61%
765,3 km²Bahraein
60%
17 820 km²Koweit
60%
1,886 million km²Soudan
53%

Distribution des résultats

Percentile par nombre de réponses

% des personnes avec chaque résultat

Votre développement - résultats

Vous n’avez pas pris ce quiz